000 00948nam a22002657a 4500
999 _c63996
_d63996
005 20240530110709.0
008 180121s2015 ua a g b 000 0dara d
017 _a2014/17101
_bمصر. دار الكتب
020 _a9789774313195
040 _aEG-CaGPL
_cEG-CaGPL
082 0 4 _221
_a541.38\
_bم أ
100 0 _aمنال على المسيرى
245 1 0 _aاساسيات الكيمياء النووية /
_cمنال على المسيرى .
250 _aط.1
260 _aالقاهرة :
_bمؤسسة طيبة للنشر والتوزيع،
_c2015 .
300 _a336 ص. ؛
_c24 سم.
504 _aببليوجرفية : 330 - 334
650 0 7 _2qrmak
_aالاحماض النووية
650 0 7 _2qrmak
_aالكيمياء ، علم
650 0 7 _2qrmak
_aالاسلحة النووية
650 0 7 _2qrmak
_aالحرب النووية
651 _2qrmak
942 _2ddc
_cBK